=LDR 00000nam 2200000 4500 =001 INLIS000000000009988 =005 20130612101732 =008 ***********************************Ind** =035 ##$$0010-061300000009988 =041 ##$$a Ind =082 ##$$a 028.5 =090 ##$$a 028.5, Rio d =100 ##$$a Riordan, James =245 ##$$a Dongeng abadi sebelum tidur, James Riordan =260 ##$$a [19...?] $b Jakarta =300 ##$$a ...jil, ilus, 29 cm =650 ##$$a Bacaan anak-anak =850 ##$$a NBPNMAT =990 ##$$a 0001/BPAP-NTB/20142015 =990 ##$$a 0001/BPAP-NTB/20142015